Poesía completa 2 /
Guardado en:
| Autor Principal: | |
|---|---|
| Formato: | Libro |
| Publicado: |
Buenos Aires :
Losada,
2006
|
| Materias: | |
| Etiquetas: |
Agregar Etiqueta
Sin Etiquetas, Sea el primero en etiquetar este registro!
|
| LEADER | 00653nam a22002175a 4500 | ||
|---|---|---|---|
| 001 | CEM.cems013135 | ||
| 005 | 20100922092059.0 | ||
| 008 | 130507s2006##################000#0#####d | ||
| 003 | CEMS | ||
| 020 | |a 9676033985 | ||
| 082 | 0 | 4 | |a Pe861.4 |
| 100 | 1 | |a Vallejo, César | |
| 245 | 1 | 0 | |a Poesía completa 2 / |c César Vallejos |
| 260 | |a Buenos Aires : |b Losada, |c 2006 | ||
| 300 | |a 144 p. | ||
| 505 | 0 | |a Poemas en prosa -- Poemas humanos -- España, aparta de mí este cáliz | |
| 653 | |a Poesía peruanas | ||
| 653 | |a Poesías | ||
| 653 | |a Literatura | ||
| 653 | |a Literatura peruana | ||
| 859 | |a CEMS |b BIB. CEMS - 11 de abril |h Pe861.4 |i V246 |p 25593.09 |t Ej.1 |v 2º |3 2º | ||
